书目信息

书名: 草本花卉与景观 
作者: 王意成
出版信息: 北京   中国林业出版社  2014
开本页数: 23cm  10, 288页
丛书名: 植物与景观丛书
单 册:
中图分类: S68
科图分类:
主题词: 草本植物--cao ben zhi wu--花卉--图集
电子资源:
ISBN: 978-7-5038-7418-5
000 01138nam0 2200289 45
001 012014000000
005 20141222121212.0
010    @a978-7-5038-7418-5@dCNY98.00
100    @a20141222d2014 em y0chiy50 ea
101 @achi
102    @aCN@b110000
105    @aa a 001yy
106    @ar
200 @a草本花卉与景观@Acao ben hua hui yu jing guan@d= Herbaceous flowers and landscape@f王意成著@zeng
210    @a北京@c中国林业出版社@d2014
215    @a10, 288页@c图@d23cm
225 @a植物与景观丛书@Azhi wu yu jing guan cong shu
314    @a王意成,花卉科普作家。任职江苏省中国科学院植物研究所,高级工程师。主要从事景观植物种质资源的调查研究、引种栽培和规划设计等工作。
320    @a有书目 (第281页) 和索引
330    @a本书主要内容包括:概论、草本花卉的分类、草本花卉的繁殖、草本花卉的栽培管理、草本花卉的应用、多年生宿根花卉等。
410  0 @12001 @a植物与景观丛书
510 @aHerbaceous flowers and landscape@zeng
606 @a草本植物@Acao ben zhi wu@x花卉@j图集
690    @aS68@v5
701  0 @a王意成@Awang yi cheng@4著
801  0 @aCN@bCDNYKJZYXY@c20141222
905    @aCDNYKJZYXY@b476844-46@dS68@e633@f3
    
    草本花卉与景观= Herbaceous flowers and landscape/王意成著.-北京:中国林业出版社,2014
    10, 288页:图;23cm.-(植物与景观丛书)
    
    
    ISBN 978-7-5038-7418-5:CNY98.00
    本书主要内容包括:概论、草本花卉的分类、草本花卉的繁殖、草本花卉的栽培管理、草本花卉的应用、多年生宿根花卉等。
相关链接 在五车中查询图书 在当当中查询图书 在豆瓣中查询图书


正题名:草本花卉与景观     索取号:S68/633         预约/预借

序号 登录号 条形码 馆藏地/架位号 状态 备注
1 476844   300476844   柳城-4楼/22架1列3层/ [索取号:S68/633] 在馆    
2 476845   300476845   柳城-4楼/22架1列3层/ [索取号:S68/633] 在馆    
3 476846   300476846   柳城-4楼/22架1列3层/ [索取号:S68/633] 在馆